[Event "2023 South West Open"]
[Site "Margaret River AUS"]
[Date "2023.07.30"]
[Round "6.15"]
[White "Williams,Joshua"]
[Black "Chakraborty,Ruchira"]
[Result "1-0"]
[BlackElo "1100"]
[BlackFideId "0"]
[EventDate "2023.07.29"]
[PlyCount "0"]
[WhiteElo "1406"]
[WhiteFideId "0"]

1. d4 d5 2. Nc3 Nf6 3. Bg5 e6 4. e4 h6 5. Bxf6 gxf6 6. Nf3 Bb4 7. Bd3 Rg8 8. O-O
Bxc3 9. bxc3 e5 10. dxe5 Bh3 11. Ne1 fxe5 12. Qh5 Be6 13. Qxe5 Nc6 14. Bb5 Rg5
15. Qh8+ Ke7 16. Qxd8+ Nxd8 17. exd5 Bxd5 18. f3 Bxa2 19. Rxa2 Rxb5 20. Nd3 Ne6
21. Re1 a6 22. Ra4 Kd6 23. Rd1 Kc6 24. Nb4+ Kb6 25. Rd7 Nc5 26. Nd5+ Kc6 27.
Rxc7+ Kxd5 28. Rh4 a5 29. Rxf7 Rb6 30. Rff4 Re8 31. Rd4+ Kc6 32. Rxh6+ Kb5 33.
Rh5 Rc6 34. Kf2 a4 35. Rb4+ Ka5 36. Rxb7 a3 37. Rb3 a2 38. Ra3+ Kb5 39. Rxa2
Rd8 40. Rh4 Rcc8 41. Rb2+ Kc6 42. Rhb4 Rd2+ 43. Kg1 Rcd8 44. Rb6+ Kc7 45. Rg6
Na4 46. Rb4 Ra8 47. Rg7+ Rd7 48. Rc4+ Kd6 49. Rd4+ Ke6 50. Rgxd7 { Play
continued to move 78 but the score sheet was illegible.}   1-0

[Event "2023 South West Open"]
[Site "Margaret River AUS"]
[Date "2023.07.30"]
[Round "6.17"]
[White "Donaldson,Gary"]
[Black "Hurst,Ashton"]
[Result "1-0"]
[BlackElo "672"]
[BlackFideId "0"]
[EventDate "2023.07.29"]
[PlyCount "0"]
[WhiteElo "1632"]
[WhiteFideId "3218570"]

1. d4 d5 2. Nf3 Nc6 3. Bf4 Bf5 4. c3 e6 5. e3 Be7 6. Bb5 Bd6 7. Be5 Qd7 8. Bxg7
f6 9. Bxh8 a6 10. Bd3 Qf7 11. Bxf5 exf5 12. Qd3 Qh5 13. Nbd2 O-O-O 14. O-O-O f4
15. e4 f5 16. e5 Be7 17. Rde1 Re8 18. Nb3 Qg6 19. Rhg1 Bd8 20. Qd2 Bg5 21. Nxg5
Qxg5 22. f3 Nh6 23. Bf6 Qh5 24. Qxf4 Ng8 25. g4 Qf7 26. g5 Nce7 27. h4 Nxf6 28.
exf6 Ng6 29. Qxf5+ Kb8 30. Rxe8+ Qxe8 31. Kd2 Nxh4 32. Qg4 Ng6 33. Re1 Qf8 34.
Nc5 b6 35. Nd7+  1-0